| 000 | 00653nam a22002417a 4500 | ||
|---|---|---|---|
| 003 | UA-OsUOA | ||
| 001 | 21253 | ||
| 007 | ta | ||
| 008 | 20031125b un ||||| |||| 00| 0 ukr d | ||
| 090 |
_a331.1(075.8) _bУ67 |
||
| 942 | _cBK | ||
| 040 |
_aUA-OsUOA _bukr _cUA-OsUOA _dUA-OsUOA |
||
| 245 |
_aУправління персоналом фірми _bНавчальний посібник _cРед. В. І.Крамаренко Б. І.Холод |
||
| 300 | _a272 с. | ||
| 955 | _a0 | ||
| 041 | _aukr | ||
| 080 | _a331.1(075.8) | ||
| 020 | _a966-690-033-7 | ||
| 260 |
_aКиїв _bЦУЛ _c2003 |
||
| 044 | _aUA | ||
| 650 | 7 | _2UDC | |
| 999 |
_c307446 _d307446 |
||